000 00573nam a2200157Ia 4500
003 SGT
020 _a817409-047-9
082 _a627
_bGAR
100 _aGarg,Santosh Kumar
245 _aIrrigation engineering and hydraulic structures
260 _bKhanna Books Publishing Co. Ltd.
_aN. Delhi
_c2011
300 _a1184p.
650 _aCIVIL ENGINEERING
653 _aIRRIGATION TECHNIQUES AND QUALITY OF IRRIGATION WATER,WATER REQUIREMENTS OF CROPS,CANAL IRRIGATION SYSTEM,SEDIMENT TRANSPORT AND DESIGN OF IRRIGATION CHANNELS,IRRIGATION REVENUE RATES
942 _2ddc
_cBK
_013
999 _c5268
_d5268